UN Sustainable Development Goals - Statistics

General Stats
  • This quiz has been taken 461 times
  • The average score is 11 of 17
Answer Stats
# SDG % Correct
2 Zero Hunger
88%
6 Clean Water and Sanitation
86%
4 Quality Education
84%
1 No Poverty
82%
5 Gender Equality
78%
3 Good Health and Well-Being
74%
13 Climate Action
73%
14 Life Below Water
71%
15 Life on Land
70%
16 Peace, Justice, and Strong Institutions
61%
8 Decent Work and Economic Growth
60%
10 Reduced Inequalities
59%
7 Affordable and Clean Energy
56%
9 Industry, Innovation, and Infrastructure
55%
11 Sustainable Cities and Communities
52%
12 Responsible Consumption and Production
40%
17 Partnerships for the Goals
38%
No matching quizzes found
Score Distribution
Percent of People with Each Score
Percentile by Number Answered
Your Score History
You have not taken this quiz